000 01476cam a22004094i 4500
003 PE-LiUPU
005 20250731173205.0
008 150625s1979 xxu r 000 0 d
035 _a(Sirsi) a31066
040 _aPE-LiUPU
_bspa
_cPE-LiUPU
_erda
082 0 4 _a220.468
_bL541973
_221
130 _aBiblia.
_lEspañol.
_fParáfrasis.
245 0 3 _aLa Biblia Al Día :
_bparafrasis /cPublicado por Living Bibles International exclusivamente para Spanish House y UNILIT/Miami.
264 1 _aMiami :
_bLiving Bibles international,
_c1979.
300 _a267 páginas ;
_c21 centímetros
336 _atext
_2rdacontent
337 _aunmediated
_2rdamedia
338 _avolume
_2rdacarrier
505 0 _aDesde Génesis hasta el Apocalipsis.
526 _aSEG42
526 _aSEG41
526 _aSEG40
526 _aSEG39
526 _aP94
526 _aP87
526 _aP86
526 _aP85
526 _aP77
526 _aP76
526 _aP35
630 _aBiblia.
_lEspañol.
_fParáfrasis.
942 _2ddc
_cBOOK
949 _a220.468 L54 1973
_wDEWEY
_c1
_i36836
_lCCODEBUL1
_mBUL
_p45.00
_r0
_sY
_tBOOK
_u2015-06-25
_xBIBLIOTECA
_zUNKNOWN
_0COMPRA
_o.STAFF. Colección Teología
596 _a1
999 _a220.468 L54 1973
_wDEWEY
_c38579
_i36836
_d38579
_e2019-10-24
_f2021-11-9
_g5
_lCCODEBUL1
_mBUL
_n34
_p45.00
_q21
_r0
_sY
_tBOOK
_u2015-6-25
_xTEOLOGIA
_PP35
_0COMPRA
_o.STAFF. Colección Teología
980 _81
_gALBERTO SANCHEZ Responsable de Automatización